El sistema terrateniente y los lm̕ites de la economa̕ espaǫla

Detalles Bibliográficos
Autor principal: Prieto Tejeiro, Enrique
Formato: Desconocido
Lenguaje:español
Publicado: Madrid : Universidad Rey Juan Carlos Dykinson, 2008
Colección:Ciencias jurd̕icas y sociales / Universidad Rey Juan Carlos ; 92
Materias:
Acceso en línea:Acceso restringido

MARC

LEADER 00000ny a22000003n 4500
005 20110615144012.0
008 080515s2008 sp || |||| ||spa d
020 |a 9788498492224 
035 |a 2772 
040 |a BUS  |d vLex 
080 |a 330.8 
090 |c 728  |d 728 
100 1 |a Prieto Tejeiro, Enrique 
245 1 3 |a El sistema terrateniente y los lm̕ites de la economa̕ espaǫla  |h [Recurso electrn̤ico]  |c Enrique Prieto Tejeiro 
256 |a Servicio en ln̕ea 
260 |a Madrid :  |b Universidad Rey Juan Carlos Dykinson,  |c 2008 
300 |a 304 p. ;   |c 22 cm 
490 1 |a Ciencias jurd̕icas y sociales / Universidad Rey Juan Carlos ;  |v 92 
504 |a Bibliogr.: p.285-304 
506 1 |a Contenido solo disponible en los productos indicados  |d vLex Global  |d vLex Global (Academic Edition, excluding Law Schools)  |d vLex Global (U.S. Academic Edition, Law Schools)  |d vLex Global (U.S. Academic Edition, excluding Law Schools)  |d vLex Global (Academic Edition, Law Schools) 
650 0 4 |a Explotaciones agrc̕olas  |z Espaą  |x Historia 
650 0 4 |a Industrializacin̤  |z Espaą  |x Historia 
740 0 |a vLex Libros (Servicios en ln̕ea) 
810 2 |a Universidad Rey Juan Carlos.  |t Ciencias Jurd̕icas y Sociales ;  |v 92 
856 4 0 |u http://vlex.com/source/2772  |z Acceso restringido 
942 |c BOOK 
999 0 |a Industrialization  |b Madrid